[Event "Sterlitamak-ch U19"]
[Site "Sterlitamak"]
[Date "2016.04.27"]
[Round "7.3"]
[White "Fakhritdinova, Elvina"]
[Black "Talachev, Ilya"]
[Result "1-0"]
[WhiteElo "1531"]
[BlackElo "1621"]
[PlyCount "59"]
[EventDate "2016.04.11"]
[EventType "swiss"]
[EventRounds "9"]
[EventCountry "RUS"]
[SourceTitle "EXT 2022"]
[Source "ChessBase"]
[SourceDate "2021.10.06"]
[SourceVersion "1"]
[SourceVersionDate "2021.10.06"]
[SourceQuality "1"]

1. d4 f5 2. c4 d6 3. Nf3 Nf6 4. Nc3 g6 5. g3 Bg7 6. Bg2 0-0 7. 0-0 Nc6 8. d5 Ne5 9. Nxe5 dxe5 10. e4 e6 11. dxe6 Bxe6 12. b3 Qe7 13. Bg5 h6 14. Bxf6 Bxf6 15. Nd5 Bxd5 16. Qxd5+ Kh7 17. exf5 gxf5 18. Qxb7 Rg8 19. Qf3 Qe6 20. Qe2 Rad8 21. Bd5 Rxd5 22. cxd5 Qxd5 23. Rfd1 Qb7 24. Rd7+ Rg7 25. Rad1 Qc6 26. Rxg7+ Bxg7 27. Qe3 Qc2 28. Rc1 Qxa2 29. Rxc7 a5 30. Qxe5 1-0

[Event "Tuimazy RB-ch 00/01"]
[Site "Tuimazy"]
[Date "2015.08.18"]
[Round "3"]
[White "Talachev, Ilya"]
[Black "Nasibullin, Ruslan"]
[Result "1-0"]
[WhiteElo "1712"]
[BlackElo "1662"]
[PlyCount "127"]
[EventDate "2015.08.18"]
[EventType "tourn"]
[EventRounds "9"]
[EventCountry "RUS"]
[SourceTitle "EXT 2022"]
[Source "ChessBase"]
[SourceDate "2021.10.06"]
[SourceVersion "1"]
[SourceVersionDate "2021.10.06"]
[SourceQuality "1"]

1. e4 e5 2. Nf3 Nc6 3. Bc4 Be7 4. 0-0 Nf6 5. Re1 0-0 6. d3 d6 7. h3 Be6 8. Bb3 Qd7 9. Bxe6 fxe6 10. c3 Kh8 11. d4 exd4 12. cxd4 d5 13. Ne5 Qe8 14. Nxc6 bxc6 15. exd5 exd5 16. Be3 Ne4 17. Nd2 Bb4 18. a3 Bxd2 19. Bxd2 Qf7 20. f3 Nxd2 21. Qxd2 Qf4 22. Qxf4 Rxf4 23. Rad1 Raf8 24. Re7 R8f7 25. Rxf7 Rxf7 26. Re1 h6 27. Re8+ Kh7 28. Kf2 Kg6 29. Ra8 Kf6 30. Rxa7 Ke6 31. Rb7 Kd6 32. b4 Rf8 33. Ra7 Rb8 34. Ra5 g6 35. Rc5 Ra8 36. Rc3 Kd7 37. Ke3 Re8+ 38. Kd2 Re6 39. a4 Kc8 40. Re3 Rf6 41. Ke2 g5 42. g4 Rg6 43. Kf2 Kd7 44. Kg3 Rf6 45. h4 Rg6 46. hxg5 hxg5 47. f4 gxf4+ 48. Kxf4 Rf6+ 49. Kg5 Rf2 50. Kg6 Rf4 51. g5 Rxd4 52. Rb3 c5 53. bxc5 Rxa4 54. Kg7 Rg4 55. g6 Ke6 56. Kh7 Kf6 57. Rf3+ Ke7 58. g7 Rh4+ 59. Kg6 Rg4+ 60. Kh7 d4 61. Rf8 Rg2 62. g8Q Rxg8 63. Rxg8 Ke6 64. c6 1-0

[Event "Tuimazy RB-ch 00/01"]
[Site "Tuimazy"]
[Date "2015.08.18"]
[Round "1"]
[White "Tavragov, Rustem"]
[Black "Talachev, Ilya"]
[Result "1-0"]
[WhiteElo "1799"]
[BlackElo "1712"]
[PlyCount "47"]
[EventDate "2015.08.18"]
[EventType "tourn"]
[EventRounds "9"]
[EventCountry "RUS"]
[SourceTitle "EXT 2022"]
[Source "ChessBase"]
[SourceDate "2021.10.06"]
[SourceVersion "1"]
[SourceVersionDate "2021.10.06"]
[SourceQuality "1"]

1. e4 e5 2. Nf3 Nc6 3. Bc4 Nf6 4. d4 exd4 5. 0-0 Nxe4 6. Re1 d5 7. Bxd5 Qxd5 8. Nc3 Qa5 9. Rxe4+ Be6 10. Nxd4 0-0-0 11. Be3 Bc5 12. Qh5 g6 13. Nxc6 gxh5 14. Nxa5 Bb6 15. Bxb6 axb6 16. Nb3 Rhg8 17. Nd4 Bh3 18. g3 Bg4 19. f3 Bd7 20. Kf2 c5 21. Ndb5 Bf5 22. Re2 Be6 23. Ne4 Bc4 24. Ned6+ 1-0